LDR 01217naa#a2200205#i#450# 001 RU\\bibl\126821 005 20260701225330.3 011 ## _a1815-588X 100 ## _a20260630b2026####ek#y0rusy0150####ca 102 ## _aRU 200 1# _aРезультаты моделирования воздействия колеса грузового вагона с двумя ползунами небраковочного размера на железнодорожный путь _eЖурнальная статья 210 1# _aСанкт-Петербург _cФГБОУ ВО "Петербургский государственный университет путей сообщения Императора Александра I" _d2026 215 ## _a9 с. 608 ## _aЖурнальная статья _2local 675 ## _aВерхнее строение пути в целом. 625.14 _aобычной конструкции. 629.4.027.51 _z 700 #1 _aАдадуров _gАлександр Сергеевич 700 #1 _aПодгребенный _gИлья Максимович 700 #1 _aИванов _gАлександр Николаевич 700 #1 _aЦомаев _gПавел Илларионович 856 4# _aatjournal.ru _u